000 00333nam a2200145Ia 4500
100 _aSeymour/J
650 _aElectrical Engineering
942 _cBK
654 _aElectronic Device & Components
245 _aElectronic Device & Components
260 _bELBS
_aMalaysia
_c1988
300 _a575
546 _aENGLISH
999 _c18131
_d18131